000 00597nam a2200241Ia 4500
003 OSt
005 20221005122145.0
006 a|||||r|||| 00| 0
007 ta
008 221004b |||||||| |||| 00| 0 urd d
020 _c150.00
024 _a109996
037 _cTextual
040 _aCRL
_cCRL
_burd
041 _2urd
_aurd
082 _aO168,1L22x, N2
100 _aKashmiri Hamidi
_9194283
245 0 _aIntikhab kalam-e-Meer
260 _c1992
650 _aURDU POETRY
942 _hO168,1L22x, N2
_cTEXL
_2cc
999 _c1043438
_d1043438